Statistiques concernant Les plus gros transferts des clubs de Ligue 1 (2020-2021)

Cliquez ici pour prendre le quiz!

Statistiques générales

  • Ce quiz a été pris 770 fois
    (769 depuis la dernière actualisation)
  • Le résultat moyen est 21 sur 40

Statistiques - réponses

Club d'origineMontantSaisonAcheteurJoueur% Correct
FC Barcelone220M€2017-18Paris SGNeymar
99%
West Ham29,3M€2016-17Olympique MarseilleDimitri Payet
93%
AS Monaco145M€2018-19Paris SGKylian Mbappé
92%
LOSC Lille80M€2019-20ArsenalNicolas Pépé
83%
Olympique Lyonnais60M€2019-20TottenhamTanguy Ndombélé
83%
FC Porto45M€2013-14AS MonacoJames Rodriguez
79%
Udinese8,5M€2020-21RC LensSeko Fofana
78%
AS Saint-Etienne35M€2020-21Leicester CityWesley Fofana
78%
RC Strasbourg15M€2019-20AS MonacoYoussouf Fofana
78%
Girondins Bordeaux41M€2018-19FC BarceloneMalcom
75%
La Gantoise27M€2020-21LOSC LilleJonathan David
73%
SCO Angers25M€2019-20Olympique LyonnaisJeff Reine-Adelaïde
72%
SCO Angers25M€2019-20Olympique LyonnaisJeff Reine-Adelaïde
72%
RSC Anderlecht26M€2020-21Stade RennaisJérémy Doku
72%
Ajax Amsterdam20,5M€2019-20OGC NiceKasper Dolberg
72%
Paris SG40M€2018-19FC ValenceGonçalo Guedes
70%
FC Nantes17M€2018-19CardiffEmiliano Sala
66%
AC Milan13,5M€2009-10Girondins BordeauxYoann Gourcuff
66%
FC Metz17M€2017-18Stade RennaisIsmaïla Sarr
62%
Stade Rennais30M€2019-20WatfordIsmaïla Sarr
62%
Nîmes Olympique9,5M€2020-21Montpellier HSCTéji Savanier
60%
Nîmes Olympiques9,5M€2020-21Montpellier HSCTéji Savanier
60%
FC Metz10M€2020-21RC StrasbourgHabib Diallo
47%
Stade Brest 2915M€2020-21FC SouthamptonIbrahima Diallo
47%
Olympique Marseille39M€2016-17ChelseaMichy Batshuayi
46%
Montpellier HSC16M€2018-19RB LeipzigNord Mukiele
45%
Dijon FCO10M€2017-18AS Saint-EtienneLoïs Diony
40%
Dijon FCO10M€2017-18AS Saint-EtienneLoïs Diony
40%
Club Brugge - EA Guingamp8M€2018-19 2019-20FC NantesAnthony Limbombe / Ludovic Blas
38%
Stade de Reims13M€2020-21AS MonacoAxel Disasi
31%
OGC Nice30M€2018-19FulhamJean-Michaël Seri
31%
Huddersfield - AS Saint-Etienne5M€2020-21Stade Brest 29Steve Mounié / Franck Honorat
31%
Girondins Bordeaux7,5M€2020-21SCO AngersPaul Bernardoni
25%
Clermont Foot 639M€2020-21FC LorientAdrian Grbic
24%
FC Lorient20M€2016-17AFC SunderlandDidier Ndong
19%
Maccabi Tel Aviv5M€2019-20Stade de ReimsPedrag Rajkovic
13%
Young Boys Berne - Elche CF4M€2020-21 2018-19Dijon FCORoger Assalé / Sory Kaba
6%
AJ Auxerre4M€2019-20Nîmes OlympiqueLamine Fomba
4%
RC Lens15M€2002-03LiverpoolEl-Hadji Djouf
1%
Deportivo La Corogne6,5M€2001-02FC MetzJacques Songo'o
0%

Distribution des résultats

Percentile par nombre de réponses

% des personnes avec chaque résultat

Votre développement - résultats

Vous n’avez pas pris ce quiz depuis la dernière actualisation